00368 2200157 4500245003700000250000900037100001700046700002000063650001600083005001900099260003300118041001400151084001100165300002500176336000900201 aMaria TsabatcHerlinatienshText a2012 aHerlinatiens aRinalubis_stone aNovel Fiksi a20240904130016 aYogyakartabDIVA Pressc2012 aIndonesia a808.83 a386 halaman :c20 cm atext